Estadística de Navegación exterior de España / (Record no. 46857)

MARC details
000 -LEADER
campo de control de longitud fija 00712nam a2200193 i 4500
001 - NÚMERO DE CONTROL
campo de control 46857
003 - IDENTIFICADOR DE NÚMERO DE CONTROL
campo de control ES-MaACL
005 - FECHA Y HORA DE LA ÚLTIMA TRANSACCIÓN
campo de control 20250811025841.0
007 - CAMPO FIJO DE DESCRIPCIÓN FÍSICA--INFORMACIÓN GENERAL
campo de control de longitud fija t|
008 - DATOS DE LONGITUD FIJA--INFORMACIÓN GENERAL
campo de control de longitud fija 030401s1929 sp ||||1| spa d
110 2# - ENTRADA PRINCIPAL--NOMBRE DE ENTIDAD CORPORATIVA
Nombre de entidad corporativa o nombre de jurisdicción como elemento de entrada Consejo de la Economía Nacional. Madrid.
9 (RLIN) 200933
245 10 - MENCIÓN DEL TÍTULO
Título Estadística de Navegación exterior de España /
Mención de responsabilidad, etc. Consejo de la Economía Nacional.
260 ## - PUBLICACIÓN, DISTRIBUCIÓN, ETC.
Lugar de publicación, distribución, etc. Madrid :
Nombre del editor, distribuidor, etc. [s.n.],
Fecha de publicación, distribución, etc. 1929 (
Fabricante Sucs. de Rivadeneyra)
300 ## - DESCRIPCIÓN FÍSICA
Extensión 2 v. ;
Dimensiones 24 cm.
500 ## - NOTA GENERAL
Nota general Precede al tít.: Ministerio de Economía Nacional. Sección de Estadística.
710 1# - ENTRADA AGREGADA--NOMBRE DE ENTIDAD CORPORATIVA
Nombre de entidad corporativa o nombre de jurisdicción como elemento de entrada España.
Unidad subordinada Ministerio de Educación Nacional.
-- Sección Estadística
9 (RLIN) 3861
852 ## - LOCALIZACIÓN
Ubicación ES-MaACL
Número de control de estantería C-12159-60
Holdings
Estatus retirado Estado de pérdida Estado de daño No para préstamo Biblioteca de origen Biblioteca actual Ubicación en estantería Fecha de adquisición Fuente de adquisición Total de préstamos Signatura topográfica completa Código de barras Visto por última vez Precio de reemplazo Tipo de ítem Koha
        Biblioteca del Ateneo de Madrid Biblioteca del Ateneo de Madrid Sala Palomar 17/01/2008     C-12159-60 1049281 23/02/2023 23/02/2023 Libro impreso